| 000 | 00527nam a2200181 i 4500 | ||
|---|---|---|---|
| 001 | 101743 | ||
| 003 | ES-MaACL | ||
| 005 | 20230906182953.0 | ||
| 007 | t| | ||
| 008 | 051025s1980 sp ||||1| spa d | ||
| 020 | _a84-85287-14-2 | ||
| 100 | 1 |
_aMeilán Gil, José Luis. _979838 |
|
| 245 | 1 | 3 |
_aEl estatuto gallego _b: por fin unha terra nosa / _cJosé Luis Meilán Gil. |
| 260 |
_aMadrid : _bLatina, _c1980. |
||
| 300 |
_a432 p. : _bil. ; _c21 cm. |
||
| 651 | 4 |
_aGalicia- _xAutonomía. _9172320 |
|
| 852 |
_aES-MaACL _jL-501 |
||
| 999 |
_c101743 _d101743 |
||